WWE's 16-bit LJN Games By Roster - Statistics

General Stats
  • This quiz has been taken 63 times
  • The average score is 29 of 38
Answer Stats
No. SW RR RitC RAW Wrestler % Correct
31 G Y Y Y Shawn Michaels
100%
5 N Y Y Y Bret "The Hitman" Hart
97%
14 Y G N N Hulk Hogan
97%
38 N S Y Y Yokozuna
97%
24 N N N Y Owen Hart
95%
26 G Y Y N Randy Savage ("Macho Man")
95%
37 S Y Y Y Undertaker, The
95%
34 Y S Y N Ted Dibiase ("The Million Dollar Man")
92%
36 G N N N Ultimate Warrior, The
89%
21 N Y Y Y Lex Luger
86%
3 N N Y Y Bam Bam Bigelow
84%
9 N N N Y Diesel
84%
23 N S Y N Mr. Perfect
84%
27 N Y Y Y Razor Ramon
84%
28 N S N N Ric Flair ("The Nature Boy")
84%
2 S N N N Animal
81%
7 G N N N British Bulldog, The (Davey Boy Smith)
81%
13 S N N N Hawk
81%
10 N N N Y Doink the Clown
78%
15 G G Y N Irwin R. Schyster
76%
11 S N N N Earthquake
73%
16 S N N N Jake "The Snake" Roberts
73%
33 N S Y N Tatanka
73%
8 N Y Y N Crush
70%
18 N G N N Jim Duggan ("Hacksaw")
70%
35 S N N N Typhoon
70%
25 G G N N Papa Shango
68%
4 N N Y N Big Boss Man, The
65%
1 N N N Y 1-2-3 Kid
62%
29 N G Y N Rick Martel ("The Model")
62%
22 N N N Y Luna Vachon
59%
32 S N N N Sid Justice
59%
12 N N Y N Fatu
54%
30 N N Y N Samu
54%
19 N N Y N Kamala
51%
6 N N Y N Brian Knobbs
43%
17 N N Y N Jerry Sags
43%
20 N N N 32X Kwang
43%
No matching quizzes found
Score Distribution
Percent of People with Each Score
Percentile by Number Answered
Your Score History
You have not taken this quiz